Statystyki dla Reprezentacja Polski - Mundial 2022

Kliknij tutaj aby rozwiązać quiz!

Ogólne statystyki

  • Ten quiz został rozwiązany 2 244 razy
  • Średni wynik to 17 z 25

Statystyki odpowiedzi

HintOdpowiedź% Poprawnych
BramkarzeWojciech Szczęsny
99%
NapastnicyRobert Lewandowski
95%
ObrońcyKamil Glik
89%
NapastnicyArkadiusz Milik
88%
ObrońcyMatty Cash
86%
PomocnicyPiotr Zieliński
84%
PomocnicyGrzegorz Krychowiak
80%
BramkarzeŁukasz Skorupski
79%
ObrońcyNicola Zalewski
75%
NapastnicyKrzysztof Piątek
74%
ObrońcyJan Bednarek
72%
ObrońcyBartosz Bereszyński
71%
NapastnicyKarol Świderski
70%
ObrońcyJakub Kiwior
68%
BramkarzeBartłomiej Drągowski
66%
PomocnicyKamil Grosicki
66%
PomocnicyDamian Szymański
64%
PomocnicySebastian Szymański
64%
PomocnicyPrzemysław Frankowski
53%
ObrońcyArtur Jędrzejczyk
50%
PomocnicyJakub Kamiński
50%
PomocnicyKrystian Bielik
46%
PomocnicyMichał Skóraś
44%
ObrońcyMateusz Wieteska
32%
PomocnicySzymon Żurkowski
32%

Rozkład punktacji

Percentyl według liczby udzielonych odpowiedzi

Procent ludzi z każdym wynikiem

Twoja historia wyników

Nie rozwiązałeś tego quizu